Tender increases (Record no. 117787)

MARC details
000 -LEADER
fixed length control field 01034cam a2200217 4500
001 - CONTROL NUMBER
control field WB@3612-70
008 - FIXED-LENGTH DATA ELEMENTS--GENERAL INFORMATION
fixed length control field 040728n2004 000 0 eng u
035 ## - SYSTEM CONTROL NUMBER
System control number (Sirsi) u126963
245 ## - TITLE STATEMENT
Title Tender increases
260 ## - PUBLICATION, DISTRIBUTION, ETC.
Date of publication, distribution, etc. 2004
490 ## - SERIES STATEMENT
Series statement RICS News Service
Volume/sequential designation 23 July 2004 (1)
520 ## - SUMMARY, ETC.
Summary, etc. According to the latest "BCIS tender price index", the price of new construction work in the UK rose more slowly than general inflation in the year to first quarter 2004. Tender prices rose by 1.5% compared with a 2.6% increase in general inflation. However new work output is forecast to rise in 2004. For more information contact Peter Rumble at: [email protected] or see the BCIS website: http://www.bcis.co.uk. http://www.rics.org/ricscms/bin/show?class=News&te mplate=/includes/shownews.html&id=9495&faculty=RIC S
590 ## - LOCAL NOTE (RLIN)
Local note WB
590 ## - LOCAL NOTE (RLIN)
Local note WB
650 ## - SUBJECT ADDED ENTRY--TOPICAL TERM
Topical term or geographic name entry element TENDER PRICES
650 ## - SUBJECT ADDED ENTRY--TOPICAL TERM
Topical term or geographic name entry element TENDER PRICE INDICES
650 ## - SUBJECT ADDED ENTRY--TOPICAL TERM
Topical term or geographic name entry element TENDER FORECASTS
650 ## - SUBJECT ADDED ENTRY--TOPICAL TERM
Topical term or geographic name entry element BCIS
690 ## - LOCAL SUBJECT ADDED ENTRY--TOPICAL TERM (OCLC, RLIN)
Topical term or geographic name as entry element BUILDING AND CONSTRUCTION-MARKET
942 ## - ADDED ENTRY ELEMENTS (KOHA)
Suppress in OPAC 0
Holdings
Withdrawn status Lost status Source of classification or shelving scheme Damaged status Not for loan Home library Current library Shelving location Date acquired Total Checkouts Full call number Barcode Date last seen Copy number Price effective from Koha item type
    Dewey Decimal Classification     London London News article 28/07/2004   WB4029-01 126963-1001 06/08/2019 1 06/08/2019 News article